00334nam a2200109Ia 4500008004100000082000800041100002300049245003600072942000600108952009500114999001500209240331s9999 xx 000 0 und d bPOO aPooranachandran, K 0aNaveena mozhipeyarppu kolkaigal cL 001040708LaWERCLbWERCLcSSCd2024-03-31l0o 420 POOp4999r2024-03-31w2024-03-31yL c3661d3661